000
00308nam a2200121Ia 4500
008
180117s9999 xx 000 0 und d
100
_a
by Mary Angela Varlongay
245
_a
Map of The Philippines
260
_c
2017
300
_a
14-16 pages, 2017 May 21
440
_a
Philippine Panorama
650
_a
MAP
999
_c
353498
_d
353498